<?xml version="1.0" encoding="UTF-8"?><?xml-stylesheet type="text/xsl" href="static/style.xsl"?><OAI-PMH xmlns="http://www.openarchives.org/OAI/2.0/" xmlns:xsi="http://www.w3.org/2001/XMLSchema-instance" xsi:schemaLocation="http://www.openarchives.org/OAI/2.0/ http://www.openarchives.org/OAI/2.0/OAI-PMH.xsd"><responseDate>2026-04-13T13:21:54Z</responseDate><request verb="GetRecord" identifier="oai:www.recercat.cat:10256/12183" metadataPrefix="marc">https://recercat.cat/oai/request</request><GetRecord><record><header><identifier>oai:recercat.cat:10256/12183</identifier><datestamp>2024-05-22T11:08:49Z</datestamp><setSpec>com_2072_452966</setSpec><setSpec>com_2072_2054</setSpec><setSpec>col_2072_452968</setSpec></header><metadata><record xmlns="http://www.loc.gov/MARC21/slim" xmlns:dcterms="http://purl.org/dc/terms/" xmlns:xsi="http://www.w3.org/2001/XMLSchema-instance" xmlns:doc="http://www.lyncode.com/xoai" xsi:schemaLocation="http://www.loc.gov/MARC21/slim http://www.loc.gov/standards/marcxml/schema/MARC21slim.xsd">
   <leader>00925njm 22002777a 4500</leader>
   <datafield ind2=" " ind1=" " tag="042">
      <subfield code="a">dc</subfield>
   </datafield>
   <datafield ind2=" " ind1=" " tag="720">
      <subfield code="a">Gratacós Prunell, Pau</subfield>
      <subfield code="e">author</subfield>
   </datafield>
   <datafield ind2=" " ind1=" " tag="260">
      <subfield code="c">2015-06</subfield>
   </datafield>
   <datafield ind2=" " ind1=" " tag="520">
      <subfield code="a">This work begins with a request of the company Arcelor Mittal in the Gent factory. An&#xd;
assessment of the comfort situation on their cabin cranes pointed out that the vibrational&#xd;
comfort levels are near the action levels stipulated in the European norm (ISO 2631/1). In order to improve the working comfort of the overhead crane operators the company&#xd;
implemented a cabin suspension that showed no actual improvement. The aim of this&#xd;
work is to deliver a detailed analysis of the low-frequency vibrational comfort of the&#xd;
overhead cabin cranes. To do so several vibration measurements have to be taken and&#xd;
analysed. After the analysis the company may decide to study a new suspension design&#xd;
knowing which vibration needs to be attenuated</subfield>
   </datafield>
   <datafield ind1="8" ind2=" " tag="024">
      <subfield code="a">http://hdl.handle.net/10256/12183</subfield>
   </datafield>
   <datafield tag="653" ind2=" " ind1=" ">
      <subfield code="a">Grues, càbries, etc. -- Vibració</subfield>
   </datafield>
   <datafield tag="653" ind2=" " ind1=" ">
      <subfield code="a">Grues, càbries, etc. -- Ressorts i suspensió</subfield>
   </datafield>
   <datafield tag="653" ind2=" " ind1=" ">
      <subfield code="a">Salut en el treball</subfield>
   </datafield>
   <datafield tag="653" ind2=" " ind1=" ">
      <subfield code="a">Indústria de la construcció -- Personal -- Salut i higiene</subfield>
   </datafield>
   <datafield ind2="0" ind1="0" tag="245">
      <subfield code="a">Cabin suspension analysis and design of the Arcelor Mittal overhead cranes</subfield>
   </datafield>
</record></metadata></record></GetRecord></OAI-PMH>